The untold war : (Record no. 339791)
[ view plain ]
| 000 -LEADER | |
|---|---|
| fixed length control field | 00820nam a2200313Ia 4500 |
| 008 - FIXED-LENGTH DATA ELEMENTS--GENERAL INFORMATION | |
| fixed length control field | 170711s9999 xx 000 0 und d |
| 020 ## - INTERNATIONAL STANDARD BOOK NUMBER | |
| International Standard Book Number | 9780393064810 |
| 050 ## - LIBRARY OF CONGRESS CALL NUMBER | |
| Classification number | 355 |
| 050 ## - LIBRARY OF CONGRESS CALL NUMBER | |
| Item number | Sh553 1994 |
| 100 ## - MAIN ENTRY--PERSONAL NAME | |
| Personal name | Sherman, Nancy |
| 245 #4 - TITLE STATEMENT | |
| Title | The untold war : |
| 245 ## - TITLE STATEMENT | |
| Remainder of title | inside the hearts, minds, and souls of our soldiers / |
| 245 ## - TITLE STATEMENT | |
| Statement of responsibility, etc | by Nancy Sherman. |
| 250 ## - EDITION STATEMENT | |
| Edition statement | First edition. |
| 260 ## - PUBLICATION, DISTRIBUTION, ETC. (IMPRINT) | |
| Place of publication, distribution, etc | USA : |
| 260 ## - PUBLICATION, DISTRIBUTION, ETC. (IMPRINT) | |
| Name of publisher, distributor, etc | Norton, |
| 260 ## - PUBLICATION, DISTRIBUTION, ETC. (IMPRINT) | |
| Date of publication, distribution, etc | 2010 |
| 300 ## - PHYSICAL DESCRIPTION | |
| Extent | viii, 338 pages : |
| 300 ## - PHYSICAL DESCRIPTION | |
| Other physical details | illustrations ; |
| 300 ## - PHYSICAL DESCRIPTION | |
| Dimensions | 24cm. |
| 500 ## - GENERAL NOTE | |
| General note | Includes bibliographic reference and index. |
| 650 ## - SUBJECT ADDED ENTRY--TOPICAL TERM | |
| Topical term or geographic name as entry element | Psychology, Military. |
| 650 ## - SUBJECT ADDED ENTRY--TOPICAL TERM | |
| Topical term or geographic name as entry element | Soldiers -- |
| 650 ## - SUBJECT ADDED ENTRY--TOPICAL TERM | |
| Topical term or geographic name as entry element | Stress (Psychology). |
| 650 ## - SUBJECT ADDED ENTRY--TOPICAL TERM | |
| Topical term or geographic name as entry element | War -- |
| 650 ## - SUBJECT ADDED ENTRY--TOPICAL TERM | |
| General subdivision | Mental health. |
| 650 ## - SUBJECT ADDED ENTRY--TOPICAL TERM | |
| General subdivision | Psychological aspects. |
| 700 ## - ADDED ENTRY--PERSONAL NAME | |
| Personal name | Title. |
No items available.